Sermons de Messire evéque de séner / (Record no. 31464)

MARC details
000 -LEADER
campo de control de longitud fija 00467nam a2200157 i 4500
001 - NÚMERO DE CONTROL
campo de control 31464
003 - IDENTIFICADOR DE NÚMERO DE CONTROL
campo de control ES-MaACL
005 - FECHA Y HORA DE LA ÚLTIMA TRANSACCIÓN
campo de control 20230906154402.0
007 - CAMPO FIJO DE DESCRIPCIÓN FÍSICA--INFORMACIÓN GENERAL
campo de control de longitud fija t|
008 - DATOS DE LONGITUD FIJA--INFORMACIÓN GENERAL
campo de control de longitud fija 030129s1807 fr ||||1| fre d
100 1# - ENTRADA PRINCIPAL--NOMBRE DE PERSONA
Nombre de persona Beauvais, Jean-Bautiste-Charles-Marie de.
9 (RLIN) 26844
245 10 - MENCIÓN DEL TÍTULO
Título Sermons de Messire evéque de séner /
Mención de responsabilidad, etc. Jean-Baustiste-Charles-Marie de Beauvais.
260 ## - PUBLICACIÓN, DISTRIBUCIÓN, ETC.
Lugar de publicación, distribución, etc. París :
Nombre del editor, distribuidor, etc. Cher Adrieu Leclere,
Fecha de publicación, distribución, etc. 1807.
300 ## - DESCRIPCIÓN FÍSICA
Extensión 4 v.
852 ## - LOCALIZACIÓN
Ubicación ES-MaACL
Número de control de estantería G-8834-7
Holdings
Estatus retirado Estado de pérdida Estado de daño No para préstamo Colección Biblioteca de origen Biblioteca actual Ubicación en estantería Fecha de adquisición Fuente de adquisición Total de préstamos Signatura topográfica completa Código de barras Visto por última vez Precio de reemplazo Tipo de ítem Koha
        Libros del s. XIX Biblioteca del Ateneo de Madrid Biblioteca del Ateneo de Madrid Sala Pecera Planta 3 17/01/2008     G-8834-7 1032513 23/02/2023 23/02/2023 Libro impreso antiguo